00809 2200277 4500001002100000005001700021008004100038035002400079082001000103090002000113100002500133245010900158250001100267260003800278300001800316440002500334500004100359650002500400700001700425700002300442850001500465985000600480999001500486999001500501999001500516YOGYA-0209000002944720090227024336.0 ind  0010-020900000029447 a297.2 a297.2bMut AlT aMUTHAHHARI, murtadha aAllah dalam kehidupan manusiacMurtadha Muthahhari; penerjemah Agus Efendi; penyunting Bahruddin Fannqne aCet. 2 aBandungbYayasan Muthahharic1994 a84 hlmc19 cm aSeri muthahhari No.3 aJudul asli : Allah fi hayah al-insan aAqaid dan ilmu Kalam aEfendi, Agus aFannane, Bahruddin aYOPDYOG(B) a3 a97P0096019 a97P0096020 a97P0096021